Statistics for Soccer Players by Country #5

Click here to take the quiz!

General Stats

  • This quiz has been taken 454 times
  • The average score is 10 of 15

Answer Stats

HintAnswer% Correct
Mohamed SalahEgypt
95%
Jãoa MountinhoPortugal
88%
Erik LamelaArgentina
83%
DanteBrazil
83%
Branislav IvanovicSerbia
82%
Victor MosesNigeria
76%
Yevhen KoplyankaUkraine
74%
Jackson MartinezColombia
70%
Lacina TraoréIvory Coast
61%
Steven PienaarSouth Africa
61%
Vedad IbisevicBosnia and Herzegovina
56%
Andreas WeimannAustria
55%
Joe CoronaUnited States
50%
Oussama AssaidiMorocco
48%
Goran PopovMacedonia
34%

Score Distribution

Percentile by Number Answered

Percent of People with Each Score

Your Score History

You have not taken this quiz